00311nam a22001217a 4500020001800000040000900018082001900027100001900046245003400065250001700099260003900116650003400155 a9780137614875 cNust a629.13235bBER aJohn J. Bertin aAerodynamics for engineering  a3rd Edition  aNew Jersey:bPrentice Hall,c1998. aAerodynamics for engineering